Maths - Nombres premiers - Statistiques

Statistiques générales
  • Ce quiz a été pris 2 887 fois
  • Le résultat moyen est 6 sur 25
Answers on the Grid
Answers color-coded by a green-red scale on the quiz's grid according to % correct below.
30
31
32
33
34
35
36
37
38
39
40
41
42
43
44
45
46
47
48
49
50
51
52
53
54
55
56
57
58
59
60
61
62
63
64
65
66
67
68
69
70
71
72
73
74
75
76
77
78
79
80
81
82
83
84
85
86
87
88
89
90
91
92
93
94
95
96
97
98
99
100
1
2
3
4
5
6
7
8
9
10
11
12
13
14
15
16
17
18
19
20
21
22
23
24
25
26
27
28
29
 
Statistiques - réponses
Réponse % Correct
7
46%
3
42%
2
38%
11
37%
5
37%
17
32%
13
30%
23
26%
19
25%
37
22%
31
21%
41
21%
29
20%
47
20%
71
19%
43
18%
61
18%
53
17%
59
17%
73
17%
79
17%
67
16%
97
16%
83
15%
89
14%
Aucun quiz correspondant
Distribution des résultats
% des personnes avec chaque résultat
Percentile par nombre de réponses
Votre historique - résultats
Vous n’avez pas pris ce quiz